000 00345nam a22001457a 4500
020 _a81-7826-363-7
082 _a823
_bROH/B
245 _aBIBLE STORIES
_bSHORT STORIES
246 _aBIBILE STORIES
_bSHORT STORIES
250 _a2003
260 _aDELHI
_bROHAN BOOK COMPANY
_c2003
300 _a223
520 _aCHILDRENS SHORT STORY
942 _cBK
999 _c290
_d290